000 00169nam a22000857a 4500
082 _a823
100 _aPEARL DAHL
245 _aCHARLIE AND THE CHOCOLATE FACTORY
942 _cBK
999 _c8291
_d8291